000 01033 a2200181 4500
003 Nust
005 20221226120023.0
010 _a 2013356030
020 _a9789699251429
040 _cNust
082 _a355,JAV
100 1 _aJaved, Rana Athar,
_9105914
245 1 0 _aBiting the silver bullet :
_bthe role of Pakistani state institutions in war on terror : a collection of analytical articles on National Security, Military, strategic assessment, Pak-US relations, Afghanistan, terrorism and NATO /
_cRana Athar Javed.
250 _aFirst edition.
300 _a368 pages ;
_c21 cm
505 _aDefining war on terror : the Pakistani perspective (Page-24), Pakistan-US relations and national security (Page-37), Afghanistan and regional peace (Page-125), Security policy and risk societies (Page-185), US, NATO and Afghan Taliban (Page-229), Counterintelligence & internal security (Page-261), Pakistani state institutions and war on terror (Page-299), Conclusion and recommendations (Page-355).
942 _2ddc
_cBK
_k355,JAV
999 _c208032
_d208032